000 00759 a2200217 4500
999 _c3756
_d3756
020 _a1903300681
050 0 0 _aLB1725.G6
245 0 0 _aReturning to teach in primary schools /
_cPeter Eagling ... [et al.].
264 _aExeter:
_bLearning matters,
_c2002
300 _av, 90 p. :
_bill.
500 _aIncludes bibliographical references (p. 85-87) and index.
504 _aIncludes bibliographical references (p. 85-87) and index.
650 0 _aElementary school teachers
_xTraining of
650 0 _aOccupational retraining
700 1 _aEagling, Peter.
700 1 _aTurner Sylvia
700 1 _aRyan Charly
700 1 _aTanner Doug
942 _2lcc
_cBK
_h1725.G6R48
_iEAG
_kLB